[Event "3rd GRENKE Chess Open 2018"]
[Site "Karlsruhe"]
[Date "2018.03.30"]
[Round "2"]
[White "Reza, Wojciech"]
[Black "Andreikin, Dmitry"]
[Result "0-1"]
[WhiteElo "2283"]
[BlackElo "2712"]
[Annotator "TA"]
[PlyCount "78"]
[EventDate "2018.??.??"]
[EventType "swiss"]
[EventCountry "GER"]
[SourceTitle "playchess.com"]
[Source "ChessBase"]
[SourceQuality "1"]

{[%evp 14,78,2,-6,36,16,31,14,37,35,39,-68,-65,-114,-83,-106,-102,-109,-97,-68,-42,-40,-42,-37,-38,-38,-21,-38,-58,-52,-47,-80,-58,-96,-84,-152,-102,-114,-84,-78,-73,-111,-163,-157,-165,-128,-67,-79,-70,-163,-156,-195,-93,-88,-89,-79,-76,-5351,-5306,-29984,-29984,-29991,-29992,-29992,-29993,-29993,-29994]} 1. e4 c5 2. Nf3 d6 3. d4 cxd4 4. Nxd4 Nf6 5. Nc3 a6 6. Qf3 g6 {B90: Sicilian Najdorf: Unusual White 6th moves, 6 Be3 Ng4 and 6 Be3 e5} 7. Be3 Bg7 8. h3 {LiveBook: 90 Games} h5 {The position is equal.} 9. Bc4 $146 ({Predecessor:} 9. O-O-O Nbd7 10. Bg5 Qc7 11. Kb1 Rb8 12. Qe3 b5 13. Nd5 Nxd5 14. exd5 {½-½ (85) Rodin,M (2357)-Smirnov,P (2625) Saratov 2006}) 9... Nbd7 10. Bb3 Nc5 11. Rd1 Bd7 12. e5 (12. O-O $14) 12... dxe5 $15 13. Nf5 gxf5 14. Bxc5 Qc7 15. Rxd7 Nxd7 16. Qxf5 e6 ({Stronger than} 16... Qxc5 17. Qxf7+ Kd8 18. Qxg7 $16) 17. Bxe6 $1 Nxc5 18. Nd5 $1 {[%cal Rd5c7]} Nxe6 19. Nxc7+ Nxc7 20. Qe4 O-O-O 21. O-O Kb8 22. c3 h4 23. Qf3 Rd7 24. Rd1 {[#]} ({Better is} 24. Qg4 Ne6 25. Rd1 Rxd1+ 26. Qxd1) 24... e4 $1 $17 {[%cal Re4f3]} 25. Qe2 (25. Qxe4 Rxd1+) 25... Re7 26. Qg4 Bf6 27. Rd6 Be5 28. Rd7 Rxd7 29. Qxd7 f6 ({Black should play} 29... Ne6 $1 $17 30. Qxf7 Nf4) 30. Kf1 Nb5 31. c4 (31. Qg7 $15 Rd8 32. Ke2) 31... Nd4 $19 32. b4 {[#]} Nc6 (32... Rc8 $1 $19 {[%cal Rc8c4] has better winning chances.} 33. Qd5 Nc2 34. Qxe4 Nxb4) 33. b5 $17 {[#]} axb5 $1 34. cxb5 Nd4 {Strongly threatening ...Rc8.} 35. b6 $2 {[%mdl 8192]} (35. Ke1 $17) 35... Rc8 $19 {[%cal Rc8c1]} 36. f4 e3 {[%cal Rc8c1] Black mates.} 37. g4 Rc1+ ({Worse is} 37... hxg3 38. fxe5 e2+ 39. Kg2 $11) 38. Kg2 Rc2+ 39. Kf1 Rf2+ {Precision: White = 33%, Black = 49%.} 0-1

[Event "3rd GRENKE Chess Open 2018"]
[Site "Karlsruhe"]
[Date "2018.03.30"]
[Round "2"]
[White "Rapport, Jovana"]
[Black "Van Wely, Loek"]
[Result "0-1"]
[WhiteElo "2282"]
[BlackElo "2667"]
[Annotator "TA"]
[PlyCount "82"]
[EventDate "2018.??.??"]
[EventType "swiss"]
[EventCountry "GER"]
[SourceTitle "playchess.com"]
[Source "ChessBase"]
[SourceQuality "1"]

{[%evp 23,82,0,6,-20,-8,-19,8,-5,0,-6,0,-15,0,-34,-27,-24,-2,-10,0,-69,-64,-64,-67,-149,-151,-162,-165,-158,-121,-201,-197,-248,-243,-253,-156,-516,-243,-237,-233,-372,-247,-361,-298,-352,-135,-508,-506,-659,-637,-675,-670,-5114,-5056,-5143,-5695,-29990,-29991,-29993,-29990,-29989,-29990]} 1. d4 Nf6 2. Nf3 g6 3. c4 Bg7 4. Nc3 d5 5. Bg5 Ne4 6. cxd5 Nxg5 7. Nxg5 e6 8. Qd2 h6 9. Nf3 exd5 10. e3 O-O 11. Be2 a5 {D91: Grünfeld: 4 Nf3 Bg7 5 Bg5} 12. O-O c6 {LiveBook: 9 Games} 13. Na4 (13. Ne5 Qe8 14. f4 Nd7 15. Rae1 Nxe5 16. dxe5 Qe7 17. e4 Qc5+ 18. Kh1 d4 19. Na4 {0-1 (29) Nagibin,G (2409)-Rakhmanov,A (2605) Moscow 2010}) 13... Nd7 $146 {The position is equal.} ({Predecessor:} 13... Re8 14. Rfc1 Nd7 15. a3 Bf8 16. b4 b5 17. Nc5 Bxc5 18. bxc5 Kg7 19. Rab1 {1-0 (51) Phiri,R (2323)-Anwuli,D (2365) Johannesburg 2016}) 14. Rfc1 f5 {[%cal Bf7f5,Bf5f4][%mdl 32]} 15. Nc5 Nxc5 16. Rxc5 g5 17. Rd1 f4 18. h3 Qd6 19. Rc3 Bd7 20. Re1 Rae8 21. Nh2 (21. Bd1 $11) 21... fxe3 $15 22. Rxe3 Rxe3 $40 {[%mdl 128] Black mounts an attack.} 23. fxe3 {[#]} ({Better is} 23. Qxe3 $15 Qb4 24. Nf3) 23... Bxh3 $1 $17 {[%mdl 512]} 24. Bf3 (24. gxh3 Qg3+) 24... Bf5 25. Qxa5 Qe6 26. Nf1 (26. Bh5 $17) 26... g4 $19 27. Be2 (27. Bd1 $142) 27... h5 {[%cal Bh6h5,Bh5h4][%mdl 32]} 28. Qd2 Qd6 29. Qd1 $2 (29. Bd3 $17 {is tougher.}) 29... Bd7 (29... Qf6 $142 {White must now prevent ...Be4.} 30. Ng3 {[#]} Bc2 $1 {[%mdl 512]} 31. Qxc2 Qf2+ 32. Kh2 Rf3) 30. Bd3 h4 31. Nd2 (31. Re2 $142) 31... Re8 32. Re2 (32. Nf1 $142) 32... Qh6 33. Qe1 Qg5 $2 (33... g3 $19 {is more deadly.} 34. Nf1 Qf6) 34. Nb3 $2 {[%mdl 8192]} (34. g3 $17) 34... g3 35. e4 Bg4 36. Rc2 dxe4 37. Bxe4 Qf4 38. Bd5+ Kf8 {[%cal Re8e1]} 39. Qb4+ Re7 {Black mates.} 40. Bc4 Bxd4+ 41. Kh1 c5 {Precision: White = 18%, Black = 44%.} 0-1

[Event "3rd GRENKE Chess Open 2018"]
[Site "Karlsruhe"]
[Date "2018.03.30"]
[Round "2"]
[White "Le Corre, Benjamin"]
[Black "Shirov, Alexei"]
[Result "0-1"]
[WhiteElo "2280"]
[BlackElo "2651"]
[Annotator "TA"]
[PlyCount "80"]
[EventDate "2018.??.??"]
[EventType "swiss"]
[EventCountry "GER"]
[SourceTitle "playchess.com"]
[Source "ChessBase"]
[SourceQuality "1"]

{[%evp 15,80,0,27,-19,-8,-19,-16,-15,-19,-5,-16,-14,-18,-7,-20,-50,-49,-52,-52,-50,-51,-68,-54,-83,-94,-95,-54,-112,-58,-71,-50,-74,-70,-65,-65,-91,-72,-70,-70,-92,-88,-88,-78,-143,-132,-159,-159,-159,-159,-169,-160,-305,-176,-172,-181,-273,-79,-73,-85,-347,-341,-319,-352,-349,-351,-351,-310]} 1. e4 e6 2. d4 d5 3. Nc3 {[%cal Bb1c3,Bc3e2,Be2f4][%mdl 32]} Nf6 4. e5 Nfd7 5. Nce2 c5 6. c3 Nc6 7. Nf3 b5 8. Nf4 b4 {LiveBook: 4 Games. C11: French: Classical System: 4 e5 and 4 Bg5 dxe4} (8... Rb8 9. Bd3 b4 10. Nxe6 fxe6 11. Ng5 Ndxe5 12. dxe5 Nxe5 13. Bxh7 Qf6 14. O-O Bd6 15. f4 Nf7 16. Qh5 {0-1 (27) Shirov,A (2726)-Malakhatko,V (2633) Leon 2008}) 9. Be2 bxc3 10. bxc3 cxd4 {The position is equal.} 11. cxd4 Ba6 12. O-O Bxe2 13. Qxe2 Be7 14. Be3 O-O 15. g4 $146 ({Find the theoretical novelty and annotate with similar games:} 15. Rfc1 Na5 16. Nd2 {1-0 (34) Guzman Moneo,A (2239)-Forcen Esteban,D (2528) Zaragoza 2017}) 15... Nb6 16. h4 Nc4 17. Kg2 Qd7 18. Rac1 Rab8 19. Rfd1 Rb2 20. Rc2 Rfb8 {And now ...Rxc2 would win.} 21. Bc1 {[#]} (21. Nd3 $1 $15 Rxc2 22. Qxc2) 21... Rb1 (21... Rxc2 $1 $17 22. Qxc2 Qc7) 22. Nd3 Qb7 23. Be3 Rxd1 24. Qxd1 a5 25. Nd2 Nb4 26. Nxb4 axb4 27. Qf3 Na3 28. Rc1 Nb5 $36 {[%mdl 2048] Black has strong initiative.} (28... Bxh4 $6 29. g5 $14) 29. Rc2 (29. g5 $142) 29... Rc8 $17 30. Rxc8+ Qxc8 31. Qd1 Nc3 ({Much weaker is} 31... Bxh4 $6 32. Qa4 $11) 32. Qb3 Qa6 ({Of course not} 32... Bxh4 $6 33. Qxb4 Nd1 34. Nf3 $11) 33. h5 (33. Nb1 $17) 33... Nxa2 (33... Qe2 $142 34. Nf3 Qd3) 34. Nb1 $19 Qe2 {aiming for ...h6.} 35. Kg3 (35. g5 $142) 35... f6 $2 (35... h6 $19 36. Qa4 Nc3 37. Nxc3 bxc3) 36. Qa4 Kf7 37. exf6 $2 {[%mdl 8192]} (37. h6 $17 gxh6 38. exf6 Kxf6 39. Qe8) 37... gxf6 {[#] White must now prevent ...Bd6+.} (37... Kxf6 38. Nd2 $16) 38. Qa7 {White hopes to continue with g5.} b3 39. Bf4 {Intending Bd6 and mate.} Nb4 40. Bd6 Nc6 {Precision: White = 37%, Black = 63%.} 0-1

[Event "3rd GRENKE Chess Open 2018"]
[Site "Karlsruhe"]
[Date "2018.03.30"]
[Round "2"]
[White "Marcziter, Dmitrii"]
[Black "Gordievsky, Dmitry"]
[Result "0-1"]
[WhiteElo "2275"]
[BlackElo "2630"]
[Annotator "TA"]
[PlyCount "82"]
[EventDate "2018.??.??"]
[EventType "swiss"]
[EventCountry "GER"]
[SourceTitle "playchess.com"]
[Source "ChessBase"]
[SourceQuality "1"]

{[%evp 9,82,46,28,4,15,-6,-10,-28,-25,-23,-16,-69,-70,-188,-158,-160,-154,-172,-161,-168,-164,-187,-179,-233,-195,-189,-180,-217,-10,-7,0,-214,-214,-238,-233,-230,-230,-257,-264,-258,-247,-313,-318,-325,-328,-334,-336,-320,-319,-336,-354,-940,-875,-912,-913,-1166,-1172,-1089,-1057,-1462,-1411,-1334,-1360,-1354,-1109,-1299,-1349,-1304,-1240,-1172,-1164,-1089,-1061,-6299,-6307]} 1. d4 g6 2. c4 Bg7 3. Nf3 d6 4. Nc3 Bg4 5. h3 Bxf3 6. gxf3 {A41: 1 d4 d6: Tartakower System and Modern Defence} (6. exf3 e6 7. d5 exd5 8. Nxd5 c6 9. Qe2+ Kf8 10. Nc3 Ne7 11. Bf4 Nf5 12. O-O-O Na6 13. Qd2 {0-1 (110) Vallejo Pons,F (2705)-Gashimov,V (2757) Beijing 2011}) 6... Nd7 7. f4 c5 8. d5 {The position is equal.} Bxc3+ $146 ({Predecessor:} 8... Ngf6 9. e3 O-O 10. Bd3 e6 11. Qf3 exd5 12. cxd5 a6 13. a4 {0-1 (27) Geanta,H (2242)-Parligras,M (2416) Baile Tusnad 2000}) 9. bxc3 f5 10. e4 ({White should try} 10. a4 $11) 10... fxe4 $15 11. f5 (11. Rb1 $15) 11... Ngf6 12. fxg6 hxg6 13. Rb1 Qc7 14. Bf4 O-O-O 15. Bg2 Rdf8 16. Bh2 (16. O-O {was called for.}) 16... g5 17. Qe2 Qa5 18. Rb3 Ne5 $2 (18... Nh5 $19 {And now ...Nf4 would win.} 19. Bxe4 Nf4 20. Bxf4 Rxf4) 19. Bxe5 $1 $11 dxe5 20. Qb2 $2 {[#]} (20. O-O $11) 20... Qc7 $1 $19 21. a4 Rh4 22. O-O {[#]} Ne8 $1 23. Qd2 Rhf4 24. d6 Qxd6 25. Qe3 Qc6 26. Rb5 b6 27. a5 Nd6 28. axb6 axb6 ({Don't play} 28... Nxb5 29. cxb5 Qxb6 30. Ra1 $19) 29. Qe2 g4 {[%cal Bg5g4,Bg4h3][%mdl 32]} 30. Rfb1 $2 (30. h4) 30... Nxb5 {Black is clearly winning.} 31. cxb5 Qg6 {( -> ...gxh3)} 32. Qa2 gxh3 {[%csl Gh3][%cal Rg6g2]} 33. Qa8+ Kd7 {[%csl Gh3][%cal Rg6g2]} 34. Rd1+ Ke6 {[%csl Gh3][%cal Rg6g2]} 35. Qc6+ Kf7 {[%csl Gh3][%cal Rg6g2]} 36. Qxg6+ Kxg6 37. Bxh3 Rxf2 {KRR-KRB} 38. Re1 R2f3 39. Bg2 Rxc3 40. Bxe4+ Kg7 41. Bc6 Rg3+ {Precision: White = 37%, Black = 74%.} 0-1

[Event "3rd GRENKE Chess Open 2018"]
[Site "Karlsruhe"]
[Date "2018.03.30"]
[Round "2"]
[White "Soham Das"]
[Black "Kozul, Zdenko"]
[Result "0-1"]
[WhiteElo "2275"]
[BlackElo "2617"]
[Annotator "TA"]
[PlyCount "114"]
[EventDate "2018.??.??"]
[EventType "swiss"]
[EventCountry "GER"]
[SourceTitle "playchess.com"]
[Source "ChessBase"]
[SourceQuality "1"]

{[%evp 18,114,47,58,55,56,56,48,92,80,85,85,86,102,92,83,95,25,137,127,137,128,103,103,102,87,139,85,155,155,118,145,138,140,162,94,95,54,93,41,66,48,113,97,107,56,98,18,178,162,159,145,153,136,125,0,158,59,40,0,0,0,0,-18,0,0,18,-15,-21,-93,95,48,57,-29,-29,-172,-139,-268,-257,-315,-276,-625,-682,-708,-671,-596,-552,-1671,-1600,-1658,-1230,-1156,-1095,-12843,-12843,-12844,-12844,-12845,-12844]} 1. e4 c5 2. Nf3 d6 3. d4 cxd4 4. Nxd4 Nf6 5. Nc3 Nc6 6. Bg5 e6 7. Qd2 Qb6 8. Nb3 Be7 9. O-O-O O-O 10. h4 {LiveBook: 21 Games} a6 {B63: Sicilian: Richter-Rauzer: 7...Be7 and unusual Black 7th moves} 11. Kb1 Rd8 12. g4 Nxg4 $146 {White is slightly better.} ({Predecessor:} 12... Qc7 13. Bxf6 Bxf6 14. g5 Be7 15. f4 b5 16. h5 b4 17. Ne2 a5 {½-½ (47) Kanmazalp,O (2458)-Kozul,Z (2626) Izmir 2018}) 13. Bxe7 Nxe7 14. Qg5 Nf6 15. Rg1 {[%csl Gg1][%cal Rg5g7][%mdl 1024] White has strong compensation.} Ng6 16. Be2 $1 Ne8 17. f4 (17. h5 $16 f6 18. Qg4) 17... Qc7 (17... h6 $1 $11 18. Qg3 Ne7) 18. f5 $1 $16 {[%cal Rf5g6]} f6 19. Qg3 $1 Ne5 20. Nd4 Qf7 21. h5 h6 ({Black should try} 21... Kh8) 22. Qe3 (22. fxe6 $142 Bxe6 23. Nd5) 22... Kf8 (22... Kh8 $142) 23. fxe6 Bxe6 24. Nxe6+ Qxe6 25. Nd5 b5 26. Rdf1 (26. Bf1 $18) 26... Qf7 27. Rf5 Rdb8 ({Avoid the trap} 27... Nc7 $2 28. Nxf6 $1 {[%mdl 512]} Qe6 29. Qf4 $18) 28. c3 ({Better is} 28. Rf2 $16) 28... Rb7 ({Wrong is} 28... Nc7 $2 29. Nxf6 $1 {[%mdl 512]} gxf6 30. Qxh6+ Ke7 31. Rg7 $18) 29. Bd1 $36 {[%mdl 2048] White is pushing.} Nc4 (29... Rc8 $14) 30. Qd4 $1 Rc8 31. Bb3 (31. Rg6 $16) 31... Rc5 32. Nf4 (32. Rg6 $1 $16) 32... Re5 $2 (32... Kg8 $11) 33. Ng6+ Kg8 34. Nxe5 dxe5 35. Qf2 Rd7 36. Qe2 ({White should play} 36. Kc1 $16) 36... Ned6 $2 (36... Rd2 $1 $11 37. Bxc4 Rxe2 38. Bxf7+ Kxf7) 37. Rff1 (37. Rf2 $1 $16) 37... Nxe4 $1 $14 38. Bxc4 Qxc4 39. Qxc4+ bxc4 {[%mdl 4096] Endgame KRR-KRN} 40. Rd1 Rb7 {And now ...Nxc3+ would win.} 41. Kc2 Kf7 42. Rd8 f5 43. Ra8 (43. Rc8 $11) 43... Ng5 $2 (43... Nf6 $1 $17 {stays on course.}) 44. Rxa6 $16 {aiming for a4.} f4 45. Re1 (45. a4 $14) 45... e4 $11 46. Ra5 {[#]} (46. Rc6 $1 $11 {and White has nothing to worry.}) 46... Ke6 $1 $19 47. Rc5 (47. Rf1 $17 {was called for.} f3 48. b3) 47... f3 48. Rxc4 Ke5 49. a4 $2 (49. Kd2 Rxb2+ 50. Ke3) 49... Kf4 {Black is clearly winning.} 50. a5 f2 51. Ra1 Kf3 52. Rc8 e3 53. Rf8+ {[#]} Nf7 $1 {White must now prevent ...e2.} 54. a6 Ra7 {Threatens to win with ...e2.} 55. Rxf7+ Rxf7 56. a7 {[#]} Rxa7 $1 {[%mdl 512]} 57. Rxa7 f1=Q {Precision: White = 27%, Black = 45%.} 0-1

[Event "3rd GRENKE Chess Open 2018"]
[Site "Karlsruhe"]
[Date "2018.03.30"]
[Round "2"]
[White "Wisnet, Dominic"]
[Black "Papp, Gabor"]
[Result "0-1"]
[WhiteElo "2272"]
[BlackElo "2604"]
[Annotator "TA"]
[PlyCount "158"]
[EventDate "2018.??.??"]
[EventType "swiss"]
[EventCountry "GER"]
[SourceTitle "playchess.com"]
[Source "ChessBase"]
[SourceQuality "1"]

{[%evp 22,158,1,15,37,33,29,22,26,29,22,22,31,26,30,30,27,22,22,22,22,22,22,22,40,22,22,32,45,35,38,40,54,59,61,68,71,54,62,54,71,34,40,0,0,0,16,4,22,4,14,0,14,0,0,0,3,0,0,0,0,0,0,0,0,0,0,0,0,0,0,0,0,0,0,0,0,0,0,0,0,0,0,0,0,0,-2,-36,-35,-45,-40,-43,-52,-105,-90,-90,-90,-90,-8,-8,0,0,0,0,0,0,0,0,0,0,0,0,0,0,0,-8,-8,-8,-8,-8,0,0,0,0,0,0,0,0,0,-129,-135,-29983,-29984,-29984,-29985,-29985,-29986,-29986,-29986]} 1. e4 c5 2. Nf3 d6 3. d4 cxd4 4. Nxd4 Nf6 5. Nc3 Nc6 6. Be2 g6 7. Be3 Bg7 8. O-O O-O 9. Qd2 Ng4 10. Bxg4 Bxg4 11. Nxc6 bxc6 12. Bh6 {LiveBook: 24 Games} Qb6 {B73: Sicilian Dragon: Classical System without 9 Nb3} (12... Bxh6 13. Qxh6 Be6 14. Rad1 Qa5 15. Rd3 Qe5 16. b3 Qg7 17. Qd2 f5 18. Re1 fxe4 19. Nxe4 Bf5 20. Rde3 Bxe4 21. Rxe4 Rf7 22. Re6 Raf8 23. f3 Rb8 24. h3 Rb7 25. c4 Rf5 26. Qe3 Kf8 27. Rxd6 {1-0 (27) Fedorchuk,S (2671)-Perez Gonzalez,J (2318) Madrid 2010}) 13. Bxg7 Kxg7 14. b3 Rad8 {The position is equal.} 15. Na4 Qc7 16. c4 Be6 $146 17. Rfe1 f6 18. Rac1 Bf7 19. Qe3 e5 20. Nc3 Rd7 21. Re2 Qa5 22. Rd2 Rfd8 23. Rcd1 Be6 24. h3 Qb4 25. Kh2 h6 26. Rd3 Qb7 27. f4 Bf7 28. Qd2 Be8 29. Rf1 Qc7 30. Qf2 Rf7 31. Kh1 g5 32. fxg5 fxg5 33. Rf3 Rxf3 34. Qxf3 Qe7 35. Qe3 Bg6 36. Ne2 (36. Rd1 {NOTEXT} Rf8 37. Kh2 Rf4 38. Rd3 Rf6 39. Ne2) 36... Rf8 37. Rxf8 Kxf8 38. Kg1 Kg7 39. Nc1 Qc7 40. Nd3 c5 41. Qe1 Qf7 42. Qe3 a5 43. Nf2 a4 44. Qd3 axb3 45. axb3 Qc7 46. Ng4 Qe7 47. Ne3 Qf6 48. Ng4 Qf8 49. Nf2 h5 50. Qd2 Qf6 51. b4 cxb4 52. Qxb4 Qe7 53. Qc3 Qa7 54. Qd2 Qa1+ 55. Kh2 Qd4 56. Qe2 Bf7 57. Nd1 (57. Qe1 $1 $15) 57... Qxc4 58. Qe3 Kg6 $1 59. Qf3 Qe6 (59... Be6 $17 {next ...Qd4 is good for Black.} 60. Nc3 g4 61. hxg4 hxg4) 60. Ne3 $11 Qf6 61. Nf5 {[#]} d5 $1 {[%mdl 512]} 62. g4 (62. exd5 Qxf5) 62... hxg4 63. hxg4 {Strongly threatening Qh3.} Be6 {Threatens to win with ...dxe4.} 64. Qh3 {[%csl Gg4][%cal Rh3h5]} Bxf5 65. gxf5+ {[%mdl 4096] Endgame KQ-KQ} Kg7 66. exd5 e4 67. Qg4 Qe5+ 68. Kg2 Kf6 69. d6 Qb2+ 70. Kf1 Qc1+ 71. Ke2 Qc2+ 72. Ke1 Qc3+ 73. Kf1 Qd3+ 74. Kg1 e3 75. d7 (75. Qh5 $11 Qd2 76. Qe8 Kxf5 77. d7) 75... Qxd7 $17 76. Qe4 $2 {[%mdl 8192] [#]} (76. Qc4 $17) 76... Qd1+ $1 {Black mates.} 77. Kg2 {[#]} Qe2+ $1 78. Kh1 Qf1+ 79. Kh2 Qf4+ {Precision: White = 63%, Black = 58%.} 0-1

[Event "3rd GRENKE Chess Open 2018"]
[Site "Karlsruhe"]
[Date "2018.03.30"]
[Round "2"]
[White "Roobol, Martin"]
[Black "Sumets, Andrey"]
[Result "0-1"]
[WhiteElo "2267"]
[BlackElo "2590"]
[Annotator "TA"]
[PlyCount "104"]
[EventDate "2018.??.??"]
[EventType "swiss"]
[EventCountry "GER"]
[SourceTitle "playchess.com"]
[Source "ChessBase"]
[SourceQuality "1"]

{[%evp 12,104,14,0,6,-11,2,-9,0,-7,12,-9,13,-33,-34,-44,-20,-33,-20,-24,-28,-45,-19,-33,-35,-48,-43,-38,-44,-36,-28,-26,-17,-122,-133,-160,-145,-149,-144,-161,-158,-191,-185,-239,-217,-494,-478,-584,-581,-556,-535,-529,-215,-233,-212,-183,-176,-212,-231,-170,-133,-245,-230,-574,-329,-317,-324,-402,-395,-388,-365,-562,-577,-568,-568,-550,-507,-460,-460,-774,-725,-835,-723,-1574,-1522,-1391,-1310,-1216,-1166,-1048,-1055,-1738,-5185,-12841,-12399]} 1. d4 Nf6 2. c4 e6 3. Nc3 Bb4 4. e3 O-O 5. Nge2 d5 6. a3 Be7 7. Ng3 {LiveBook: 148 Games} a6 {E46: Nimzo-Indian: Rubinstein: 4 e3 0-0 5 Ne2 without early Bd3} (7... c5 8. cxd5 Nxd5 9. Nxd5 Qxd5 10. e4 Qd8 11. Be3 Qb6 12. Qd2 Rd8 13. dxc5 Rxd2 14. cxb6 Rxb2 15. bxa7 Nc6 {1-0 (81) Usmanov,V (2459)-Inarkiev,E (2694) Sochi 2017}) 8. cxd5 exd5 9. Bd3 $146 ({Predecessor:} 9. b4 Re8 10. Bd3 Nbd7 11. O-O c6 12. Rb1 b5 13. f3 Nb6 14. Bc2 Nc4 15. Qd3 {½-½ (51) Kovacevic,B (2510)-Azarov,S (2572) Djakovo 2005}) 9... Re8 {The position is equal.} 10. O-O b6 11. Bd2 {[%cal Bc1d2,Bd2e1,Be1f2][%mdl 32]} Bb7 12. f3 c5 13. Rc1 Nbd7 {[%cal Bb8d7,Bd7b6,Bb6c4,Bc4b2][%mdl 32]} 14. Be1 b5 15. Bf2 Rc8 16. Bb1 Nb6 17. Nf5 Bf8 18. dxc5 Bxc5 19. e4 Bxf2+ (19... dxe4 $2 20. Bxc5 Rxc5 21. Nd6 $18) 20. Rxf2 g6 $36 {[%mdl 2048] Black has good play.} (20... dxe4 $6 21. Nd6 $16) 21. Ng3 $1 Nc4 {...Qb6 is the strong threat.} 22. exd5 (22. Qd4 $11 {remains equal.}) 22... Qb6 $1 $17 ({But not} 22... Bxd5 23. Nce4 $15) ({Don't play} 22... Nxd5 23. Nxd5 Bxd5 24. Ne4 $15) 23. Nge4 Nxb2 $1 24. Qd2 {[#]} Nc4 $1 {[%cal Rc4d2]} 25. Qg5 Nxe4 26. Nxe4 Re5 ({Stronger than} 26... Nxa3 27. Ba2 $11) 27. Qh4 (27. Qf4 $142) 27... Kg7 28. f4 $2 (28. d6 {was called for.} Bxe4 29. fxe4 Qxd6 30. Ba2) 28... Rxd5 $19 29. Ng5 h6 30. Nxf7 Kxf7 31. f5 gxf5 (31... Rcd8 $142 {( -> ...Rd1+)} 32. Bc2 Rd2 33. fxg6+ Kg8) 32. Bxf5 Rxf5 33. Qh5+ {[#]} Qg6 $1 {[%cal Rg6h5]} 34. Qxf5+ Qxf5 35. Rxf5+ Kg7 36. Rcf1 (36. Rc3 $17) 36... Rc7 {Threatens to win with ...Ne3.} 37. a4 $2 (37. R5f4 {is more resistant.}) 37... bxa4 38. Rc1 {Now Ra5! and White clings on.} Kg6 39. Rf4 Bd5 40. Rd4 Bf7 41. Rd6+ (41. Rf1 {keeps fighting.} a3 42. Rg4+ Kh5 43. Rg3) 41... Nxd6 {Black is clearly winning.} 42. Rxc7 Be8 43. Rc3 Kf6 44. g4 Ke5 45. Rh3 (45. Re3+ $142 Ne4 46. Rd3) 45... Bf7 46. Kf2 a5 47. Rxh6 a3 {White must now prevent ...a2.} 48. Rh3 Nb5 49. Re3+ Kd4 50. Re1 a2 51. h4 Na3 52. h5 Nb1 {Precision: White = 33%, Black = 68%.} 0-1

[Event "3rd GRENKE Chess Open 2018"]
[Site "Karlsruhe"]
[Date "2018.03.30"]
[Round "2"]
[White "Becker, Dirk"]
[Black "Sadzikowski, Daniel"]
[Result "0-1"]
[WhiteElo "2263"]
[BlackElo "2583"]
[Annotator "TA"]
[PlyCount "68"]
[EventDate "2018.??.??"]
[EventType "swiss"]
[EventCountry "GER"]
[SourceTitle "playchess.com"]
[Source "ChessBase"]
[SourceQuality "1"]

{[%evp 18,67,-14,-15,-18,-33,-28,-30,-27,-29,-40,-41,-37,-71,-43,-129,-32,-162,-162,-144,-158,-160,-156,-167,-163,-158,-156,-217,-210,-197,-210,-281,-268,-319,-220,-660,-649,-675,-675,-752,-756,-733,-620,-619,-606,-29990,-29989,-29989,-29990,-29990,-29991,-29999]} 1. d4 d5 2. Bf4 c5 3. e3 Nc6 4. c3 Nf6 5. Nd2 Bf5 6. Qb3 {D00: 1 d4 d5: Unusual lines} Qd7 7. Ngf3 c4 8. Qd1 h6 9. h3 e6 10. Be2 {LiveBook: 3 Games} b5 $146 {[%cal Bb7b5,Bb5b4][%mdl 32]} ({Predecessor:} 10... Bd6 11. O-O O-O 12. b3 b5 {0-1 (86) Grachev,B (2654)-Eljanov,P (2742) Moscow 2010}) 11. a3 Be7 12. O-O O-O 13. Qc1 a5 14. Bd1 b4 15. Ba4 Qb7 16. b3 (16. Bc2 $15) 16... cxb3 (16... bxa3 17. bxc4 dxc4 18. Nxc4 $14) (16... Rfc8 $17 {Strongly threatening ...cxb3.} 17. bxc4 dxc4 18. Bxc6 Rxc6) 17. cxb4 (17. axb4 $15 axb4 18. Nxb3) 17... Rfc8 $19 18. Nxb3 axb4 19. axb4 Nxb4 ({Resist} 19... Nxd4 20. Nfxd4 Rxc1 21. Rfxc1 $11) 20. Nc5 Bxc5 $1 21. dxc5 {[#]} Nd3 $1 $36 {[%cal Rd3c1][%mdl 2048] Keeping White busy.} 22. Qd1 (22. c6 $17 {might work better.} Qb4 23. Qa3 Qxa3 24. Rxa3) 22... Nxc5 {White must now prevent ...Qa6.} 23. Qd4 Nd3 ({But not} 23... Nxa4 24. Rxa4 Rxa4 25. Qxa4 $17) 24. Ne5 {[#]} Nxe5 $1 25. Qxe5 Qb4 26. g4 $2 (26. Bc6 Rxa1 27. Qxa1) 26... Bd3 ({Weaker is} 26... Rxa4 27. gxf5 Rxa1 28. Rxa1 $17) 27. Rfd1 Rxa4 28. Rxa4 Qxa4 29. Rxd3 Rc1+ 30. Kg2 Qc2 31. Ra3 Qd1 {Black mates.} 32. Bxh6 Qh1+ 33. Kg3 Rg1+ 34. Kh4 Rxg4# {Precision: White = 38%, Black = 78%.} 0-1